Score 0/42 Timer 06:00
13 Plays Today
% Correct
Argentina
93.1%
Chile
92.8%
Argentina (Bolivia & Brazil)
91.6%
Bolivia
88.3%
Bolivia
88%
Colombia
87.4%
Ecuador
85.5%
United States
85.4%
Venezuela
82.1%
Russia
80.3%
China
79.9%
Paraguay (Bolivia & Brazil)
77.6%
Canada
75.5%
Chad
74%
Iran
74%
Iraq
73.7%
South Africa
73.2%
Mali
72.2%
Fiji
71.2%
Togo
71%
Oman
68.4%
% Correct
India (Bangladesh & Bhutan)
68%
Laos
67.2%
Lebanon
66.7%
Nauru
65.8%
Tuvalu
65.8%
Vanuatu
64.6%
Cuba
63%
Palau
62.6%
Mexico
62%
Togo (Benin & Burkina Faso)
61.8%
Fiji
58.5%
Australia
58.2%
Niger (Benin & Burkina Faso)
52.4%
France (Belgium & Brazil)
42.6%
Guinea-Bissau
37.2%
Ghana
33.4%
Serbia (Bosnia and Herzegovina & Bulgaria)
20.1%
Uzbekistan
16.5%
Belize
15.2%
Haiti
13.4%
Equatorial Guinea
10.4%

You're not logged in!

Compare scores with friends on all Sporcle quizzes.
OR
Log In

Sporcle TV

Today on Sporcle TV


Watch our educational content, quiz creation guides, and fun videos on Sporcle TV.

Show Comments

Extras

Top Quizzes Today


Score Distribution

Paid Content

Your Account Isn't Verified!

In order to create a playlist on Sporcle, you need to verify the email address you used during registration. Go to your Sporcle Settings to finish the process.

Report this User

Report this user for behavior that violates our Community Guidelines.

Details: